书目信息 |
| 题名: |
变频器控制技术与应用
|
|
| 作者: | 姚锡禄 主编 | |
| 分册: | ||
| 出版信息: | 福州 福建科学技术出版社 2005.02 |
|
| 页数: | 243页 | |
| 开本: | 23cm | |
| 丛书名: | 电气工程及自动化应用丛书 | |
| 单 册: | ||
| 中图分类: | TN773 | |
| 科图分类: | ||
| 主题词: | 变频器--bian pin qi--基本知识 | |
| 电子资源: | ||
| ISBN: | 7-5335-2505-1 | |
| 000 | 00882nam 2200241 450 | |
| 001 | 012006372210 | |
| 005 | 20060522101727.09 | |
| 010 | @a7-5335-2505-1@dCNY23.80 | |
| 100 | @a20060502d2005 km y0chiy0120 ea | |
| 101 | 0 | @achi |
| 102 | @aCN@b350000 | |
| 105 | @aa z 000yy | |
| 200 | 1 | @a变频器控制技术与应用@Abian pin qi kong zhi ji shu yu ying yong@f姚锡禄主编@Fyao xi lu zhu bian |
| 210 | @a福州@c福建科学技术出版社@d2005.02 | |
| 215 | @a243页@c图@d23cm | |
| 225 | 2 | @a电气工程及自动化应用丛书@Adian qi gong cheng ji zi dong hua ying yong cong shu |
| 330 | @a本书内容包括:变频器概述、变频器电路结构及工作原理、变频器构成的调速系统、变频器在电梯上的应用等。 | |
| 410 | 0 | @12001 @a电气工程及自动化应用丛书 |
| 606 | 0 | @a变频器@Abian pin qi@x基本知识 |
| 690 | @aTN773@v4 | |
| 701 | 0 | @a姚锡禄@Ayao xi lu@4主编 |
| 801 | 0 | @aCN@bQSSK@c20060522 |
| 905 | @a10447@dTN773@eY371 | |
| 变频器控制技术与应用/姚锡禄主编.-福州:福建科学技术出版社,2005.02 |
| 243页:图;23cm.-(电气工程及自动化应用丛书) |
| ISBN 7-5335-2505-1:CNY23.80 |
| 本书内容包括:变频器概述、变频器电路结构及工作原理、变频器构成的调速系统、变频器在电梯上的应用等。 |
| ● |
| 相关链接 |
|
|
|
正题名:变频器控制技术与应用
索取号:TN773/Y371
 
预约/预借
| 序号 | 登录号 | 条形码 | 馆藏地/架位号 | 状态 | 备注 |
| 1 | 559602 | 205596023 | 期刊室512/301自科库 24排2列3层/ [索取号:TN773/Y371] | 在馆 | |
| 2 | 559603 | 205596032 | 自科库301/301自科库 32排1列1层/ [索取号:TN773/Y371] | 在馆 | |
| 3 | 559604 | 205596041 | 自科库301/301自科库 32排1列1层/ [索取号:TN773/Y371] | 在馆 |